banner koha

Comportamento de 4 (quatro)cultivares de milho, em diversas epocas do ano, irrigados por aspersao, no Sub medio Sao Francisco e sua implicacao na producao de sementes [Zea mays; Nordeste; Brasil] (Registro n. 307167)

MARC details
000 -LÍDER
campo de controle de tamanho fixo 01757naa a22005057a 4500
001 - NÚMERO DE CONTROLE
campo de controle BR7602466
003 - IDENTIFICADOR DO NÚMERO DE CONTROLE
campo de controle BR-BrBNA
005 - DATA E HORÁRIO DA ÚLTIMA TRANSAÇÃO
campo de controle 20240918173829.0
007 - CAMPO FIXO DE DESCRIÇÃO FÍSICA--INFORMAÇÃO GERAL
campo de controle de tamanho fixo ta
008 - CAMPO DE DADOS FIXOS--INFORMAÇÃO GERAL
campo de controle de tamanho fixo 230509b bl.||||| |||| 00| 0 por d
040 ## - FONTE DA CATALOGAÇÃO
Instituição da catalogação original BR-BrBNA
Idioma da catalogação por
Instituição que transcreveu o registro Biblioteca Nacional de Agricultura
041 ## - CÓDIGO DE IDIOMA
Código do idioma do texto/trilha sonora ou título diferente (Pt)
072 ## - CÓDIGO DE CATEGORIA DE ASSUNTO
Código de Categoria de Assunto F30; P12; F00
Código do objeto 0120
-- 3575
-- G514
-- GZ65
090 ## - NÚMERO DE CHAMADA LOCAL
Número de chamada F30 BR7602466
100 1# - ENTRADA PRINCIPAL--NOME PESSOAL
Nome pessoal Queiroz, M.A.
100 1# - ENTRADA PRINCIPAL--NOME PESSOAL
Nome pessoal Sabino, E.M.
100 1# - ENTRADA PRINCIPAL--NOME PESSOAL
Nome pessoal Lopes, L.H.
100 1# - ENTRADA PRINCIPAL--NOME PESSOAL
Nome pessoal Costa, S.N.
100 1# - ENTRADA PRINCIPAL--NOME PESSOAL
Nome pessoal Souto, J.P.M.
100 1# - ENTRADA PRINCIPAL--NOME PESSOAL
Nome pessoal Timoteo, S.A.
100 1# - ENTRADA PRINCIPAL--NOME PESSOAL
Nome pessoal Lisboa, J.S.
111 1# - ENTRADA PRINCIPAL--NOME DO EVENTO
Nome do evento ou lugar 3. Seminario Nacional de Irrigacao e Drenagem
Local do evento Fortaleza, CE (Brazil)
Data do evento ou assinatura do tratado 16 Nov 1975
245 1# - TÍTULO
Título Comportamento de 4 (quatro)cultivares de milho, em diversas epocas do ano, irrigados por aspersao, no Sub medio Sao Francisco e sua implicacao na producao de sementes [Zea mays; Nordeste; Brasil]
260 3# - PUBLICAÇÃO, DISTRIBUIÇÃO, ETC.
Local de publicação, distribuição, etc. Fortaleza, CE (Brasil):
Data da publicação, distribuição, etc. 1976.
500 ## - NOTA GERAL
Nota geral Anais do 3. Seminario Nacional de Irrigacao e Drenagem<br/>Fortaleza, CE (Brasil): 1976. p. 488-490<br/>(BR7602466-AM)F30<br/>
650 ## - ASSUNTO--TERMO TÓPICO
Cabeçalho tópico ou nome geográfico Melhoramento genetico vegetal
650 ## - ASSUNTO--TERMO TÓPICO
Cabeçalho tópico ou nome geográfico Irrigacao
650 ## - ASSUNTO--TERMO TÓPICO
Cabeçalho tópico ou nome geográfico Producao vegetal
650 ## - ASSUNTO--TERMO TÓPICO
Cabeçalho tópico ou nome geográfico Milho
650 ## - ASSUNTO--TERMO TÓPICO
Cabeçalho tópico ou nome geográfico semente
650 ## - ASSUNTO--TERMO TÓPICO
Cabeçalho tópico ou nome geográfico Competicao de variedade
650 ## - ASSUNTO--TERMO TÓPICO
Cabeçalho tópico ou nome geográfico Comportamento de variedade
650 ## - ASSUNTO--TERMO TÓPICO
Cabeçalho tópico ou nome geográfico Variedade resistente
650 ## - ASSUNTO--TERMO TÓPICO
Cabeçalho tópico ou nome geográfico Agua
650 ## - ASSUNTO--TERMO TÓPICO
Cabeçalho tópico ou nome geográfico Aspersao
650 ## - ASSUNTO--TERMO TÓPICO
Cabeçalho tópico ou nome geográfico Irrigacao por aspersao
650 ## - ASSUNTO--TERMO TÓPICO
Cabeçalho tópico ou nome geográfico Maturacao
650 ## - ASSUNTO--TERMO TÓPICO
Cabeçalho tópico ou nome geográfico Plantio
650 ## - ASSUNTO--TERMO TÓPICO
Cabeçalho tópico ou nome geográfico Semeadura
650 ## - ASSUNTO--TERMO TÓPICO
Cabeçalho tópico ou nome geográfico Sub-medio Sao Francisco
650 ## - ASSUNTO--TERMO TÓPICO
Cabeçalho tópico ou nome geográfico Nordeste
773 0# - ENTRADA ANALÍTICA
Título Anais do 3. Seminario Nacional de Irrigacao e Drenagem
Edição
Número de controle do registro F30 BR7602466
Partes relacionadas Fortaleza, CE (Brasil), 1976. p. 488-490
909 ## -
-- 202404
-- Lucia
-- 55
-- Lucia Elande
942 ## - ELEMENTOS DE ENTRADA ADICIONADOS (KOHA)
Tipo de material Koha Capítulo-Livro
Fonte da classificação ou esquema de arquivamento na estante Classificação AGRIS
Exemplares
Situação do descarte Fonte da classificação ou esquema de arquivamento na estante Situação física Não pode ser emprestado Coleção Biblioteca de origem Biblioteca atual Localização na estante Total de empréstimos Número de telefone completo Data de último acesso Número do exemplar Tipo de material Koha Situação das perdas Data de aquisição Fonte de aquisição
  Classificação AGRIS       Biblioteca Nacional de Agricultura - Binagri Biblioteca Nacional de Agricultura - Binagri Agrobase - Acervo Geral   1740 BR0404809 20/05/2024 01 Capítulo-Livro   2024-04-11 Portaria Interministerial nº 164/94

BINAGRI

Telefone: (61)3218-2567/2388/3357/2097 - binagri@agro.gov.br

Ministério da Agricultura e Pecuária , Esplanada dos Ministérios, Bloco D, Anexo B, Brasília/DF, CEP: 70.043-900